[Event "DVM U20 2022"]
[Site "Münster GER"]
[Date "2022.12.28"]
[Round "4"]
[White "Rose, Luis Stratos"]
[Black "Weigand, Anton"]
[Result "0-1"]
[Termination "normal"]
[Board "3.5"]
[WhiteElo "1651"]
[BlackElo "1948"]
[WhiteClock "00:01:15"]
[BlackClock "00:11:04"]
[WhiteTeam "SC Kreuzberg e.V."]
[BlackTeam "SK Lehrte von 1919 e. V."]
[PlyCount "48"]
[WhiteFideId "12976008"]
[BlackFideId "16221915"]
[EventCountry "GER"]
[EventRounds "7"]
[EventType "team-swiss"]
[EventDate "2022.12.26"]

1. d4 {[%clk 01:30:57]} {[%emt 00:00:02]} d5 {[%clk 01:30:54]} {[%emt
00:00:07]} 2. Bf4 {[%clk 01:31:22]} {[%emt 00:00:05]} Nf6 {[%clk 01:31:07]}
{[%emt 00:00:17]} 3. Nf3 {[%clk 01:31:45]} {[%emt 00:00:06]} c5 {[%clk
01:30:58]} {[%emt 00:00:39]} 4. e3 {[%clk 01:32:08]} {[%emt 00:00:07]} Nc6
{[%clk 01:31:23]} {[%emt 00:00:06]} 5. c3 {[%clk 01:32:32]} {[%emt 00:00:06]}
Qb6 {[%clk 01:31:16]} {[%emt 00:00:36]} 6. Qc2 {[%clk 01:32:23]} {[%emt
00:00:40]} g6 {[%clk 01:31:13]} {[%emt 00:00:33]} 7. h3 {[%clk 01:32:45]}
{[%emt 00:00:09]} Bg7 {[%clk 01:31:23]} {[%emt 00:00:19]} 8. Nbd2 {[%clk
01:31:43]} {[%emt 00:01:32]} Nd7 {[%clk 01:27:12]} {[%emt 00:04:40]} 9. g4
{[%clk 01:20:11]} {[%emt 00:12:02]} h5 {[%clk 01:23:20]} {[%emt 00:04:22]} 10.
gxh5 {[%clk 01:16:40]} {[%emt 00:04:01]} Rxh5 {[%clk 01:23:16]} {[%emt
00:00:33]} 11. Bd3 {[%clk 01:10:38]} {[%emt 00:06:33]} Nf8 {[%clk 01:18:53]}
{[%emt 00:04:53]} 12. dxc5 {[%clk 00:54:06]} {[%emt 00:17:02]} Qxc5 {[%clk
01:17:47]} {[%emt 00:01:34]} 13. e4 {[%clk 00:48:30]} {[%emt 00:06:07]} d4
{[%clk 01:09:10]} {[%emt 00:09:06]} 14. Nb3 {[%clk 00:44:45]} {[%emt 00:04:16]}
Qb6 {[%clk 01:08:17]} {[%emt 00:01:22]} 15. cxd4 {[%clk 00:43:19]} {[%emt
00:01:56]} Bg4 {[%clk 00:54:54]} {[%emt 00:13:53]} 16. Be2 {[%clk 00:27:01]}
{[%emt 00:16:48]} Rc8 {[%clk 00:54:42]} {[%emt 00:00:42]} 17. Qd2 {[%clk
00:23:02]} {[%emt 00:04:29]} Nb4 {[%clk 00:42:38]} {[%emt 00:12:34]} 18. O-O
{[%clk 00:16:30]} {[%emt 00:07:02]} Rc2 {[%clk 00:35:57]} {[%emt 00:07:10]} 19.
Qe3 {[%clk 00:16:27]} {[%emt 00:00:33]} Rxh3 {[%clk 00:30:24]} {[%emt
00:06:03]} 20. Bd1 {[%clk 00:09:53]} {[%emt 00:07:05]} Ne6 {[%clk 00:24:57]}
{[%emt 00:05:54]} 21. a3 {[%clk 00:03:24]} {[%emt 00:07:01]} Nxd4 {[%clk
00:16:15]} {[%emt 00:09:12]} 22. Bg3 {[%clk 00:02:11]} {[%emt 00:01:43]} Rxg3
{[%clk 00:13:16]} {[%emt 00:03:29]} 23. fxg3 {[%clk 00:01:51]} {[%emt
00:00:51]} Ne2 {[%clk 00:10:42]} {[%emt 00:03:02]} 24. Kf2 {[%clk 00:01:15]}
{[%emt 00:01:07]} Nd3 {[%clk 00:11:04]} 0-1

[Event "DVM U20 2022"]
[Site "Münster GER"]
[Date "2022.12.28"]
[Round "4"]
[White "Kieselbach, Jannik"]
[Black "Held, Momme Fredrik"]
[Result "0-1"]
[Termination "normal"]
[Board "3.6"]
[WhiteElo "1854"]
[BlackElo "1751"]
[WhiteClock "00:03:15"]
[BlackClock "00:51:27"]
[WhiteTeam "SK Lehrte von 1919 e. V."]
[BlackTeam "SC Kreuzberg e.V."]
[PlyCount "52"]
[WhiteFideId "16246403"]
[BlackFideId "16237692"]
[EventCountry "GER"]
[EventRounds "7"]
[EventType "team-swiss"]
[EventDate "2022.12.26"]

1. e4 {[%clk 01:30:57]} {[%emt 00:00:03]} c5 {[%clk 01:30:55]} {[%emt
00:00:06]} 2. Nf3 {[%clk 01:31:21]} {[%emt 00:00:05]} g6 {[%clk 01:31:15]}
{[%emt 00:00:10]} 3. d4 {[%clk 01:31:45]} {[%emt 00:00:06]} cxd4 {[%clk
01:31:40]} {[%emt 00:00:05]} 4. Nxd4 {[%clk 01:32:09]} {[%emt 00:00:05]} Nc6
{[%clk 01:32:04]} {[%emt 00:00:07]} 5. c4 {[%clk 01:32:29]} {[%emt 00:00:10]}
Nf6 {[%clk 01:32:23]} {[%emt 00:00:11]} 6. Nc3 {[%clk 01:32:50]} {[%emt
00:00:09]} Nxd4 {[%clk 01:32:32]} {[%emt 00:00:22]} 7. Qxd4 {[%clk 01:33:10]}
{[%emt 00:00:11]} d6 {[%clk 01:32:51]} {[%emt 00:00:10]} 8. f3 {[%clk
01:33:05]} {[%emt 00:00:35]} Bg7 {[%clk 01:32:58]} {[%emt 00:00:24]} 9. Be3
{[%clk 01:33:21]} {[%emt 00:00:13]} O-O {[%clk 01:33:07]} {[%emt 00:00:21]} 10.
Qd2 {[%clk 01:33:44]} {[%emt 00:00:07]} a5 {[%clk 01:33:10]} {[%emt 00:00:26]}
11. O-O-O {[%clk 01:32:35]} {[%emt 00:01:38]} a4 {[%clk 01:31:50]} {[%emt
00:01:51]} 12. e5 {[%clk 01:26:06]} {[%emt 00:06:59]} Ne8 {[%clk 01:30:36]}
{[%emt 00:01:45]} 13. exd6 {[%clk 01:19:40]} {[%emt 00:06:54]} Qxd6 {[%clk
01:29:34]} {[%emt 00:01:33]} 14. Qc2 {[%clk 01:05:46]} {[%emt 00:14:24]} Qe5
{[%clk 01:21:39]} {[%emt 00:08:25]} 15. Bd2 {[%clk 01:01:47]} {[%emt 00:04:28]}
Bf5 {[%clk 01:14:52]} {[%emt 00:07:17]} 16. Bd3 {[%clk 01:01:52]} {[%emt
00:00:25]} Bxd3 {[%clk 01:14:18]} {[%emt 00:01:04]} 17. Qxd3 {[%clk 01:02:20]}
{[%emt 00:00:03]} Nd6 {[%clk 01:14:25]} {[%emt 00:00:23]} 18. Rde1 {[%clk
00:54:23]} {[%emt 00:08:27]} Qf6 {[%clk 01:12:02]} {[%emt 00:02:53]} 19. c5
{[%clk 00:36:02]} {[%emt 00:18:51]} Nf5 {[%clk 01:08:02]} {[%emt 00:04:30]} 20.
g4 {[%clk 00:26:50]} {[%emt 00:09:42]} Rfd8 {[%clk 01:07:17]} {[%emt 00:01:15]}
21. Qe4 {[%clk 00:18:58]} {[%emt 00:08:22]} a3 {[%clk 00:58:21]} {[%emt
00:09:26]} 22. gxf5 {[%clk 00:06:21]} {[%emt 00:13:07]} axb2 {[%clk 00:58:46]}
{[%emt 00:00:05]} 23. Kb1 {[%clk 00:06:11]} {[%emt 00:00:40]} Rxd2 {[%clk
00:58:03]} {[%emt 00:01:13]} 24. Qxb7 {[%clk 00:05:51]} {[%emt 00:00:50]} Qxf5
{[%clk 00:56:02]} {[%emt 00:02:32]} 25. Ne4 {[%clk 00:04:29]} {[%emt 00:01:51]}
Rdd8 {[%clk 00:54:49]} {[%emt 00:01:43]} 26. Rd1 {[%clk 00:03:15]} {[%emt
00:01:44]} Qxf3 {[%clk 00:51:27]} {[%emt 00:03:52]} 0-1

[Event "DVM U20 2022"]
[Site "Münster GER"]
[Date "2022.12.28"]
[Round "4"]
[White "Biermann, Lenhard"]
[Black "Nöldner, Julian"]
[Result "1/2-1/2"]
[Termination "normal"]
[Board "4.1"]
[WhiteElo "2086"]
[BlackElo "2065"]
[WhiteClock "00:11:37"]
[BlackClock "00:14:41"]
[WhiteTeam "Schachgesellschaft Bochum 1931"]
[BlackTeam "Barnimer Schachfreunde im SV Stahl Finow e.V."]
[PlyCount "139"]
[WhiteFideId "12970077"]
[BlackFideId "16218744"]
[EventCountry "GER"]
[EventRounds "7"]
[EventType "team-swiss"]
[EventDate "2022.12.26"]

1. d4 {[%clk 01:30:58]} {[%emt 00:00:02]} Nf6 {[%clk 01:30:41]} {[%emt
00:00:18]} 2. Nf3 {[%clk 01:31:26]} {[%emt 00:00:03]} g6 {[%clk 01:31:03]}
{[%emt 00:00:07]} 3. g3 {[%clk 01:31:51]} {[%emt 00:00:06]} Bg7 {[%clk
01:31:27]} {[%emt 00:00:06]} 4. Bg2 {[%clk 01:32:18]} {[%emt 00:00:04]} d5
{[%clk 01:31:37]} {[%emt 00:00:18]} 5. O-O {[%clk 01:32:15]} {[%emt 00:00:34]}
O-O {[%clk 01:31:12]} {[%emt 00:00:54]} 6. c4 {[%clk 01:32:33]} {[%emt
00:00:13]} c6 {[%clk 01:31:36]} {[%emt 00:00:07]} 7. b3 {[%clk 01:31:52]}
{[%emt 00:01:11]} Ne4 {[%clk 01:28:26]} {[%emt 00:03:39]} 8. Bb2 {[%clk
01:29:54]} {[%emt 00:02:29]} a5 {[%clk 01:28:30]} {[%emt 00:00:25]} 9. Nc3
{[%clk 01:26:27]} {[%emt 00:03:58]} Bf5 {[%clk 01:28:51]} {[%emt 00:00:09]} 10.
Ne5 {[%clk 01:10:41]} {[%emt 00:16:16]} Nxc3 {[%clk 01:20:54]} {[%emt
00:08:26]} 11. Bxc3 {[%clk 01:11:01]} {[%emt 00:00:11]} Be6 {[%clk 01:21:08]}
{[%emt 00:00:16]} 12. Nd3 {[%clk 01:04:32]} {[%emt 00:06:59]} dxc4 {[%clk
01:12:11]} {[%emt 00:09:27]} 13. Nc5 {[%clk 00:58:21]} {[%emt 00:06:41]} Bc8
{[%clk 01:11:47]} {[%emt 00:00:52]} 14. bxc4 {[%clk 00:58:13]} {[%emt
00:00:39]} Nd7 {[%clk 01:11:30]} {[%emt 00:00:46]} 15. Na4 {[%clk 00:55:39]}
{[%emt 00:03:05]} Nb6 {[%clk 01:07:52]} {[%emt 00:04:06]} 16. Nxb6 {[%clk
00:52:23]} {[%emt 00:03:48]} Qxb6 {[%clk 01:08:18]} {[%emt 00:00:03]} 17. Rb1
{[%clk 00:50:58]} {[%emt 00:01:56]} Qa6 {[%clk 01:08:36]} {[%emt 00:00:12]} 18.
Qb3 {[%clk 00:49:36]} {[%emt 00:01:52]} Rb8 {[%clk 01:02:07]} {[%emt 00:06:58]}
19. d5 {[%clk 00:41:23]} {[%emt 00:08:45]} Bxc3 {[%clk 00:52:47]} {[%emt
00:09:50]} 20. Qxc3 {[%clk 00:41:49]} {[%emt 00:00:05]} Bd7 {[%clk 00:52:42]}
{[%emt 00:00:34]} 21. Qe5 {[%clk 00:23:16]} {[%emt 00:19:03]} cxd5 {[%clk
00:37:03]} {[%emt 00:16:08]} 22. cxd5 {[%clk 00:12:08]} {[%emt 00:11:40]} Bb5
{[%clk 00:21:40]} {[%emt 00:15:52]} 23. Rfe1 {[%clk 00:10:43]} {[%emt
00:01:56]} Rfe8 {[%clk 00:21:01]} {[%emt 00:01:07]} 24. d6 {[%clk 00:07:48]}
{[%emt 00:03:27]} Bc6 {[%clk 00:20:50]} {[%emt 00:00:40]} 25. Bxc6 {[%clk
00:07:39]} {[%emt 00:00:39]} Qxc6 {[%clk 00:21:03]} {[%emt 00:00:17]} 26. dxe7
{[%clk 00:07:58]} {[%emt 00:00:12]} Qd7 {[%clk 00:19:53]} {[%emt 00:01:38]} 27.
Qxa5 {[%clk 00:07:59]} {[%emt 00:00:31]} Ra8 {[%clk 00:17:58]} {[%emt
00:02:25]} 28. Qb5 {[%clk 00:05:34]} {[%emt 00:02:55]} Qxe7 {[%clk 00:08:45]}
{[%emt 00:09:43]} 29. Rb2 {[%clk 00:04:01]} {[%emt 00:02:03]} Qe6 {[%clk
00:07:55]} {[%emt 00:01:19]} 30. Rc1 {[%clk 00:03:55]} {[%emt 00:00:37]} Red8
{[%clk 00:06:42]} {[%emt 00:01:42]} 31. Qxb7 {[%clk 00:03:24]} {[%emt
00:01:02]} Rxa2 {[%clk 00:06:39]} {[%emt 00:00:33]} 32. Rxa2 {[%clk 00:03:49]}
{[%emt 00:00:05]} Qxa2 {[%clk 00:07:05]} {[%emt 00:00:04]} 33. Rc8 {[%clk
00:02:35]} {[%emt 00:01:44]} Rxc8 {[%clk 00:04:23]} {[%emt 00:03:11]} 34. Qxc8
{[%clk 00:03:03]} {[%emt 00:00:02]} Kg7 {[%clk 00:04:45]} {[%emt 00:00:08]} 35.
Qe8 {[%clk 00:02:36]} {[%emt 00:00:57]} Qb1 {[%clk 00:04:28]} {[%emt 00:00:47]}
36. Kg2 {[%clk 00:03:01]} {[%emt 00:00:06]} Qb7 {[%clk 00:04:53]} {[%emt
00:00:04]} 37. f3 {[%clk 00:02:37]} {[%emt 00:00:55]} h5 {[%clk 00:04:47]}
{[%emt 00:00:35]} 38. Qe5 {[%clk 00:03:02]} {[%emt 00:00:05]} Kg8 {[%clk
00:05:12]} {[%emt 00:00:06]} 39. Kf2 {[%clk 00:02:34]} {[%emt 00:00:58]} Qb1
{[%clk 00:04:26]} {[%emt 00:01:15]} 40. Kg2 {[%clk 00:01:39]} {[%emt 00:01:26]}
Qb7 {[%clk 00:04:14]} {[%emt 00:00:41]} 41. Qd4 {[%clk 00:25:37]} {[%emt
00:06:32]} Qb1 {[%clk 00:29:17]} {[%emt 00:05:27]} 42. Qe3 {[%clk 00:19:24]}
{[%emt 00:06:43]} Qf5 {[%clk 00:27:25]} {[%emt 00:02:22]} 43. Qe8 {[%clk
00:17:45]} {[%emt 00:02:10]} Kg7 {[%clk 00:27:19]} {[%emt 00:00:35]} 44. h3
{[%clk 00:16:32]} {[%emt 00:01:44]} Qf6 {[%clk 00:26:32]} {[%emt 00:01:16]} 45.
Qe4 {[%clk 00:16:36]} {[%emt 00:00:28]} Qd6 {[%clk 00:21:28]} {[%emt 00:05:33]}
46. f4 {[%clk 00:16:23]} {[%emt 00:00:43]} Qd7 {[%clk 00:21:48]} {[%emt
00:00:09]} 47. Qf3 {[%clk 00:15:50]} {[%emt 00:01:04]} Qd2 {[%clk 00:17:06]}
{[%emt 00:05:12]} 48. Kf2 {[%clk 00:13:45]} {[%emt 00:02:35]} Qd4 {[%clk
00:15:48]} {[%emt 00:01:47]} 49. Qe3 {[%clk 00:14:03]} {[%emt 00:00:13]} Qd7
{[%clk 00:16:12]} {[%emt 00:00:05]} 50. Kg2 {[%clk 00:14:16]} {[%emt 00:00:17]}
Qd5 {[%clk 00:15:59]} {[%emt 00:00:43]} 51. Qf3 {[%clk 00:14:44]} {[%emt
00:00:02]} Qd2 {[%clk 00:16:18]} {[%emt 00:00:11]} 52. g4 {[%clk 00:15:11]}
{[%emt 00:00:04]} hxg4 {[%clk 00:16:41]} {[%emt 00:00:07]} 53. hxg4 {[%clk
00:15:38]} {[%emt 00:00:03]} Qe1 {[%clk 00:15:48]} {[%emt 00:01:22]} 54. Qf2
{[%clk 00:15:23]} {[%emt 00:00:46]} Qd2 {[%clk 00:15:58]} {[%emt 00:00:18]} 55.
e4 {[%clk 00:15:14]} {[%emt 00:00:40]} Qd1 {[%clk 00:15:44]} {[%emt 00:00:44]}
56. Qf3 {[%clk 00:15:36]} {[%emt 00:00:09]} Qd2 {[%clk 00:15:18]} {[%emt
00:00:55]} 57. Kh3 {[%clk 00:16:01]} {[%emt 00:00:05]} g5 {[%clk 00:12:55]}
{[%emt 00:02:53]} 58. fxg5 {[%clk 00:13:45]} {[%emt 00:02:47]} Qxg5 {[%clk
00:13:16]} {[%emt 00:00:08]} 59. Qc3 {[%clk 00:13:11]} {[%emt 00:01:03]} Kg8
{[%clk 00:13:12]} {[%emt 00:00:34]} 60. Qc8 {[%clk 00:12:49]} {[%emt 00:00:53]}
Kg7 {[%clk 00:13:33]} {[%emt 00:00:09]} 61. Qf5 {[%clk 00:10:35]} {[%emt
00:02:44]} Qc1 {[%clk 00:13:47]} {[%emt 00:00:15]} 62. g5 {[%clk 00:09:26]}
{[%emt 00:01:41]} Qh1 {[%clk 00:13:34]} {[%emt 00:00:42]} 63. Kg3 {[%clk
00:09:54]} {[%emt 00:00:03]} Qg1 {[%clk 00:13:59]} {[%emt 00:00:05]} 64. Kf3
{[%clk 00:10:09]} {[%emt 00:00:15]} Qf1 {[%clk 00:13:32]} {[%emt 00:00:57]} 65.
Ke3 {[%clk 00:10:36]} {[%emt 00:00:02]} Qe1 {[%clk 00:13:54]} {[%emt 00:00:07]}
66. Kd4 {[%clk 00:10:58]} {[%emt 00:00:10]} Qd2 {[%clk 00:13:52]} {[%emt
00:00:32]} 67. Kc5 {[%clk 00:10:29]} {[%emt 00:00:59]} Qa5 {[%clk 00:13:49]}
{[%emt 00:00:31]} 68. Kd4 {[%clk 00:10:48]} {[%emt 00:00:12]} Qd2 {[%clk
00:14:14]} {[%emt 00:00:05]} 69. Kc5 {[%clk 00:11:13]} {[%emt 00:00:05]} Qa5
{[%clk 00:14:41]} {[%emt 00:00:03]} 70. Kd4 {[%clk 00:11:37]} {[%emt 00:00:06]}
1/2-1/2

[Event "DVM U20 2022"]
[Site "Münster GER"]
[Date "2022.12.28"]
[Round "4"]
[White "Beyer, Lorenz"]
[Black "Biermann, Florian"]
[Result "0-1"]
[Termination "normal"]
[Board "4.2"]
[WhiteElo "1883"]
[BlackElo "2113"]
[WhiteClock "01:31:56"]
[BlackClock "01:15:38"]
[WhiteTeam "Barnimer Schachfreunde im SV Stahl Finow e.V."]
[BlackTeam "Schachgesellschaft Bochum 1931"]
[PlyCount "102"]
[WhiteFideId "16245393"]
[BlackFideId "12970069"]
[EventCountry "GER"]
[EventRounds "7"]
[EventType "team-swiss"]
[EventDate "2022.12.26"]

1. d4 {[%clk 01:30:48]} {[%emt 00:00:11]} d6 {[%clk 01:30:51]} {[%emt
00:00:10]} 2. Bf4 {[%clk 01:30:59]} {[%emt 00:00:19]} Nf6 {[%clk 01:31:13]}
{[%emt 00:00:07]} 3. e3 {[%clk 01:31:22]} {[%emt 00:00:07]} Nbd7 {[%clk
01:31:36]} {[%emt 00:00:07]} 4. h3 {[%emt 00:00:09]} e5 {[%clk 01:29:40]}
{[%emt 00:02:21]} 5. Bh2 {[%clk 01:32:13]} {[%emt 00:00:06]} b6 {[%clk
01:29:18]} {[%emt 00:00:52]} 6. Nf3 {[%clk 01:31:09]} {[%emt 00:01:32]} e4
{[%clk 01:27:36]} {[%emt 00:02:13]} 7. Nfd2 {[%clk 01:31:35]} {[%emt 00:00:05]}
Bb7 {[%clk 01:28:00]} {[%emt 00:00:06]} 8. c4 {[%clk 01:32:01]} {[%emt
00:00:04]} g6 {[%clk 01:19:21]} {[%emt 00:09:08]} 9. Nc3 {[%clk 01:32:16]}
{[%emt 00:00:15]} a6 {[%clk 01:19:42]} {[%emt 00:00:10]} 10. Qc2 {[%clk
01:32:31]} {[%emt 00:00:14]} Qe7 {[%clk 01:18:21]} {[%emt 00:01:51]} 11. d5
{[%clk 01:32:22]} {[%emt 00:00:39]} Nc5 {[%clk 01:15:15]} {[%emt 00:03:35]} 12.
b4 {[%clk 01:31:56]} {[%emt 00:00:57]} Nd3 {[%emt 00:00:08]} 13. Bxd3 exd3 14.
Qxd3 Bg7 15. Rc1 O-O 16. O-O a5 17. b5 Nd7 18. Ne2 Nc5 19. Qc2 Bc8 20. Nd4 a4
21. N2f3 Bd7 22. Rfe1 Qe4 23. Qxe4 Nxe4 24. Re2 Rfe8 25. Kf1 Nc5 26. Rd2 a3 27.
Rb1 Ra4 28. Rc2 Bf6 29. Bf4 Bg7 30. Bh2 h6 31. Bg1 Bf6 32. g4 h5 33. Nh2 Nd3
34. f3 Nb2 35. Rbc1 Bxd4 36. exd4 Rxc4 37. Kg2 Bxb5 38. Nf1 Rxc2 39. Rxc2 Re2
40. Rxe2 Bxe2 41. Nd2 Nc4 42. Nxc4 Bxc4 43. Be3 b5 44. Bd2 Bxa2 45. Bb4 Bxd5
46. Bxa3 Kf8 47. Kf2 Ke7 48. f4 Be4 49. Ke3 Bg2 50. gxh5 gxh5 51. h4 Ke6 {[%clk
01:15:38]} 0-1

[Event "DVM U20 2022"]
[Site "Münster GER"]
[Date "2022.12.28"]
[Round "4"]
[White "Prieb, Robert"]
[Black "Straßburg, Robin Leonard"]
[Result "1-0"]
[Termination "normal"]
[Board "4.3"]
[WhiteTitle "CM"]
[WhiteElo "2114"]
[BlackElo "1781"]
[WhiteClock "00:46:40"]
[BlackClock "00:08:12"]
[WhiteTeam "Schachgesellschaft Bochum 1931"]
[BlackTeam "Barnimer Schachfreunde im SV Stahl Finow e.V."]
[PlyCount "49"]
[WhiteFideId "16212002"]
[BlackFideId "16210018"]
[EventCountry "GER"]
[EventRounds "7"]
[EventType "team-swiss"]
[EventDate "2022.12.26"]

1. d4 {[%clk 01:30:54]} {[%emt 00:00:05]} d5 {[%clk 01:30:50]} {[%emt
00:00:11]} 2. c4 {[%clk 01:31:05]} {[%emt 00:00:19]} e6 {[%clk 01:30:57]}
{[%emt 00:00:23]} 3. Nf3 {[%clk 01:31:08]} {[%emt 00:00:27]} c6 {[%clk
01:30:42]} {[%emt 00:00:46]} 4. Qc2 {[%clk 01:31:09]} {[%emt 00:00:29]} Nf6
{[%clk 01:30:45]} {[%emt 00:00:27]} 5. e3 {[%clk 01:30:57]} {[%emt 00:00:41]}
Bd6 {[%clk 01:30:32]} {[%emt 00:00:44]} 6. Nc3 {[%clk 01:30:31]} {[%emt
00:00:55]} Nbd7 {[%clk 01:30:11]} {[%emt 00:00:52]} 7. g4 {[%clk 01:30:00]}
{[%emt 00:01:01]} dxc4 {[%clk 01:03:01]} {[%emt 00:27:41]} 8. Bxc4 {[%clk
01:30:08]} {[%emt 00:00:22]} b5 {[%clk 01:02:41]} {[%emt 00:00:50]} 9. Bd3
{[%clk 01:30:05]} {[%emt 00:00:32]} Bb7 {[%clk 01:01:34]} {[%emt 00:01:37]} 10.
g5 {[%clk 01:29:01]} {[%emt 00:01:34]} Nd5 {[%clk 00:59:47]} {[%emt 00:02:17]}
11. Nxd5 {[%clk 01:25:21]} {[%emt 00:04:09]} exd5 {[%clk 00:56:54]} {[%emt
00:03:22]} 12. Bxh7 {[%clk 01:21:54]} {[%emt 00:03:58]} Nb6 {[%clk 00:51:20]}
{[%emt 00:06:04]} 13. Bd3 {[%clk 01:16:18]} {[%emt 00:06:05]} Qe7 {[%clk
00:49:15]} {[%emt 00:02:36]} 14. h4 {[%clk 01:12:02]} {[%emt 00:04:46]} a6
{[%clk 00:47:27]} {[%emt 00:02:18]} 15. h5 {[%clk 01:02:49]} {[%emt 00:09:43]}
c5 {[%clk 00:43:38]} {[%emt 00:04:19]} 16. h6 {[%clk 01:01:39]} {[%emt
00:01:40]} gxh6 {[%clk 00:21:13]} {[%emt 00:22:56]} 17. Rxh6 {[%clk 01:00:10]}
{[%emt 00:01:59]} Rxh6 {[%clk 00:20:17]} {[%emt 00:01:25]} 18. gxh6 {[%clk
01:00:27]} {[%emt 00:00:12]} c4 {[%clk 00:20:21]} {[%emt 00:00:27]} 19. Bf5
{[%clk 00:58:50]} {[%emt 00:02:07]} Nd7 {[%clk 00:18:12]} {[%emt 00:02:39]} 20.
Bd2 {[%clk 00:56:15]} {[%emt 00:03:05]} O-O-O {[%clk 00:18:15]} {[%emt
00:00:28]} 21. O-O-O {[%clk 00:53:59]} {[%emt 00:02:46]} Kb8 {[%clk 00:17:32]}
{[%emt 00:01:13]} 22. Rg1 {[%clk 00:52:48]} {[%emt 00:01:41]} Nf6 {[%clk
00:15:49]} {[%emt 00:02:13]} 23. Rg7 {[%clk 00:50:46]} {[%emt 00:02:31]} b4
{[%clk 00:12:13]} {[%emt 00:04:06]} 24. h7 {[%clk 00:46:56]} {[%emt 00:04:21]}
Qf8 {[%clk 00:08:12]} {[%emt 00:04:30]} 25. Rg8 {[%clk 00:46:40]} {[%emt
00:00:46]} 1-0

[Event "DVM U20 2022"]
[Site "Münster GER"]
[Date "2022.12.28"]
[Round "4"]
[White "Hoffmann, Kay"]
[Black "Gluma, Christian"]
[Result "1/2-1/2"]
[Termination "normal"]
[Board "4.4"]
[WhiteElo "1708"]
[BlackElo "2069"]
[WhiteClock "00:13:38"]
[BlackClock "00:19:23"]
[WhiteTeam "Barnimer Schachfreunde im SV Stahl Finow e.V."]
[BlackTeam "Schachgesellschaft Bochum 1931"]
[PlyCount "71"]
[WhiteFideId "16227000"]
[BlackFideId "16223209"]
[EventCountry "GER"]
[EventRounds "7"]
[EventType "team-swiss"]
[EventDate "2022.12.26"]

1. d4 {[%clk 01:30:58]} {[%emt 00:00:01]} d5 {[%clk 01:30:21]} {[%emt
00:00:39]} 2. Bf4 {[%clk 01:31:23]} {[%emt 00:00:05]} Nf6 {[%clk 01:30:31]}
{[%emt 00:00:20]} 3. e3 {[%clk 01:31:48]} {[%emt 00:00:05]} e6 {[%clk
01:30:06]} {[%emt 00:00:55]} 4. Nf3 {[%clk 01:32:11]} {[%emt 00:00:07]} c5
{[%clk 01:30:05]} {[%emt 00:00:32]} 5. c3 {[%clk 01:32:33]} {[%emt 00:00:07]}
Qb6 {[%clk 01:29:52]} {[%emt 00:00:43]} 6. Qc2 {[%clk 01:31:14]} {[%emt
00:01:49]} Nc6 {[%clk 01:29:37]} {[%emt 00:00:45]} 7. h3 {[%clk 01:30:15]}
{[%emt 00:01:29]} Bd7 {[%clk 01:29:33]} {[%emt 00:00:35]} 8. Be2 {[%clk
01:29:25]} {[%emt 00:01:20]} Rc8 {[%clk 01:29:24]} {[%emt 00:00:39]} 9. Qb3
{[%clk 01:26:10]} {[%emt 00:03:45]} Be7 {[%clk 01:22:11]} {[%emt 00:07:42]} 10.
O-O {[%clk 01:19:10]} {[%emt 00:07:30]} O-O {[%clk 01:20:50]} {[%emt 00:01:50]}
11. Nbd2 {[%clk 01:16:17]} {[%emt 00:03:24]} Ne8 {[%clk 01:14:02]} {[%emt
00:07:18]} 12. Ne5 {[%clk 01:12:16]} {[%emt 00:04:31]} Nxe5 {[%clk 01:13:27]}
{[%emt 00:01:05]} 13. Bxe5 {[%clk 01:11:56]} {[%emt 00:00:51]} Qc6 {[%clk
01:08:09]} {[%emt 00:05:49]} 14. Rac1 {[%clk 01:09:44]} {[%emt 00:02:41]} Nd6
{[%clk 01:03:43]} {[%emt 00:04:55]} 15. dxc5 {[%clk 01:06:53]} {[%emt
00:03:22]} Qxc5 {[%clk 01:02:05]} {[%emt 00:02:08]} 16. Bxd6 {[%clk 01:06:35]}
{[%emt 00:00:48]} Qxd6 {[%clk 01:00:02]} {[%emt 00:02:33]} 17. c4 {[%clk
01:05:22]} {[%emt 00:01:43]} d4 {[%clk 00:55:49]} {[%emt 00:04:42]} 18. Nf3
{[%clk 01:04:49]} {[%emt 00:01:04]} dxe3 {[%clk 00:54:33]} {[%emt 00:01:46]}
19. Qxe3 {[%clk 01:05:08]} {[%emt 00:00:11]} Bf6 {[%clk 00:51:29]} {[%emt
00:03:35]} 20. Rfd1 {[%clk 01:03:46]} {[%emt 00:01:52]} Qc7 {[%clk 00:51:18]}
{[%emt 00:00:40]} 21. b3 {[%clk 01:03:31]} {[%emt 00:00:45]} Rfd8 {[%clk
00:48:29]} {[%emt 00:03:19]} 22. Bd3 {[%clk 00:57:17]} {[%emt 00:06:44]} Bc6
{[%clk 00:47:07]} {[%emt 00:01:52]} 23. Be4 {[%clk 00:56:57]} {[%emt 00:00:50]}
b6 {[%clk 00:43:16]} {[%emt 00:04:21]} 24. Bxc6 {[%clk 00:28:32]} {[%emt
00:28:55]} Qxc6 {[%clk 00:43:18]} {[%emt 00:00:27]} 25. Ne5 {[%clk 00:27:44]}
{[%emt 00:01:18]} Qc7 {[%clk 00:42:21]} {[%emt 00:01:28]} 26. Ng4 {[%clk
00:26:49]} {[%emt 00:01:24]} Bb2 {[%clk 00:38:51]} {[%emt 00:04:01]} 27. Rb1
{[%clk 00:25:15]} {[%emt 00:02:04]} Ba3 {[%clk 00:37:34]} {[%emt 00:01:47]} 28.
Qe2 {[%clk 00:23:30]} {[%emt 00:02:15]} Bd6 {[%clk 00:35:53]} {[%emt 00:02:10]}
29. Ne3 {[%clk 00:21:36]} {[%emt 00:02:25]} Rd7 {[%clk 00:35:16]} {[%emt
00:01:08]} 30. Rd3 {[%clk 00:20:22]} {[%emt 00:01:43]} Rcd8 {[%clk 00:34:49]}
{[%emt 00:00:57]} 31. Rbd1 {[%clk 00:19:45]} {[%emt 00:01:07]} Kf8 {[%clk
00:29:34]} {[%emt 00:05:45]} 32. Kf1 {[%clk 00:17:52]} {[%emt 00:02:23]} Be7
{[%clk 00:25:18]} {[%emt 00:04:46]} 33. Rxd7 {[%clk 00:17:25]} {[%emt
00:00:57]} Rxd7 {[%clk 00:25:41]} {[%emt 00:00:08]} 34. Rxd7 {[%clk 00:16:50]}
{[%emt 00:01:05]} Qxd7 {[%clk 00:26:05]} {[%emt 00:00:06]} 35. Qc2 {[%clk
00:14:13]} {[%emt 00:03:07]} Qd4 {[%clk 00:19:23]} {[%emt 00:07:11]} 36. Ke2
{[%clk 00:13:38]} {[%emt 00:01:04]} 1/2-1/2